000 00259nam a2200097 a 4500
005 20201002045932.0
008 150205s1983 000 spa d
245 0 _aInforme Anual 1983.
260 _aSanto Domingo, República Dominicana,
_c1983.
999 _c44657
_d44657
040 _aDO-SdBNP